Anything but Azerbaijan Quiz Stats

 Plays Quiz not verified by Sporcle

Challenge
Share
Tweet
Embed
Score 0/36 Timer 05:00
0 Plays Today
Hint Answer % Correct
Landlocked 'A' countriesArmenia
92.3%
Caucasus countriesArmenia
92.3%
Landlocked countries which neighbour RussiaKazakhstan
92.3%
Border the Caspian SeaKazakhstan
92.3%
Countries containing 'Z' which are ten letters longKazakhstan
92.2%
Caucasus countriesGeorgia
90.9%
Countries containing 'Z' which are ten letters longKyrgyzstan
87.5%
Have 'B' capital (Asia)Kyrgyzstan
87.4%
Contain the letter 'J'Japan
86.9%
Caucasus countriesRussia
86.4%
Border the Caspian SeaRussia
86.4%
Countries containing 'Z' which are ten letters longUzbekistan
85%
Landlocked countries which neighbour RussiaMongolia
84.8%
Caucasus countriesTurkey
82.4%
Contain the letter 'J'Jordan
82.1%
Have 'B' capital (Asia)China
81.2%
Contain the letter 'J'Jamaica
81.1%
Host countries of Formula One's European Grand PrixUnited Kingdom
80.8%
Hint Answer % Correct
Border the Caspian SeaTurkmenistan
80.7%
Contain the letter 'J'Tajikistan
79.1%
Caucasus countriesIran
78.3%
Border the Caspian SeaIran
78.3%
Landlocked 'A' countriesAustria
76.9%
Landlocked countries which neighbour RussiaBelarus
76.4%
Landlocked 'A' countriesAndorra
73.4%
Have 'B' capital (Asia)Iraq
73.3%
Host countries of Formula One's European Grand PrixGermany
70.8%
Landlocked 'A' countriesAfghanistan
70.3%
Have 'B' capital (Asia)Thailand
67%
Host countries of Formula One's European Grand PrixSpain
63.1%
Have 'B' capital (Asia)Brunei
61.1%
Contain the letter 'J'Djibouti
60.9%
Have 'B' capital (Asia)Lebanon
59.1%
Countries containing 'Z' which are ten letters longMozambique
57.5%
Contain the letter 'J'Fiji
54%
Countries containing 'Z' which are ten letters longNew Zealand
38.9%

You're not logged in!

Compare scores with friends on all Sporcle quizzes.
OR
Log In

You Might Also Like...

Show Comments

Extras

Top Quizzes Today


Score Distribution

Your Account Isn't Verified!

In order to create a playlist on Sporcle, you need to verify the email address you used during registration. Go to your Sporcle Settings to finish the process.

Report this User

Report this user for behavior that violates our Community Guidelines.

Details: